| 000 | 00848nam a2200229 a 4500 | ||
|---|---|---|---|
| 001 | 000046552 | ||
| 003 | DO-SdBNP | ||
| 005 | 20260321073643.0 | ||
| 008 | 150825s 2000 dr r 000 0 spa d | ||
| 020 | _a999348024X | ||
| 040 |
_aDO-SdBNP _bspa _cBNPHU |
||
| 082 |
_aBNPHU _bB742e |
||
| 100 | 1 |
_a Bosch, Juan, _d1909-2001 _976555 |
|
| 245 | 1 | 0 |
_aEn primera persona : _bentrevistas con Juan Bosch / _ceditor Guillermo Piña Contreras : presentación José Rafael Lantigua. |
| 260 |
_aSanto Domingo : _bComisión permanente de la Feria del Libro, _c2000. |
||
| 300 |
_a253 p. ; _c23 cm. |
||
| 500 | _aIncluye notas a pie de páginas. | ||
| 500 | _aIncluye datos biografícos de los autores de las entrevistas. | ||
| 700 | 1 | 2 |
_aPiña Contreras, Guillermo, _eed. _95749 |
| 700 | 1 | 2 |
_aLantigua, José Rafael, _d1949- _epres. _91438 |
| 942 |
_2ddc _cLBS1 |
||
| 999 |
_c46041 _d46041 |
||